000
00289nam a22001217a 4500
040
_c
0
082
_a
891.439301,JAV
245
_a
Zero Point (Vol.2) /
_c
Javid Chaudhary
260
_a
Lahore
_b
Alim o Irfan Publisher
_c
2009
300
_a
311 p
650
_a
Noval
_9
107828
942
_2
ddc
_c
BK
999
_c
614651
_d
614651